The nature of the planets (Record no. 2411)

MARC details
000 -LEADER
fixed length control field 00566nam a2200181Ia 4500
003 - CONTROL NUMBER IDENTIFIER
control field IN-BaIIA
008 - FIXED-LENGTH DATA ELEMENTS--GENERAL INFORMATION
fixed length control field 211028s9999 xx 000 0 eng d
040 ## - CATALOGING SOURCE
Transcribing agency IIA Library
080 ## - UNIVERSAL DECIMAL CLASSIFICATION NUMBER
Universal Decimal Classification number 523.4
Item number SHA
100 ## - MAIN ENTRY--PERSONAL NAME
Personal name Sharonov, V. V.
9 (RLIN) 4315
245 #4 - TITLE STATEMENT
Title The nature of the planets
Statement of responsibility, etc. V. V. Sharonov
260 ## - PUBLICATION, DISTRIBUTION, ETC.
Place of publication, distribution, etc. Jerusalem
Name of publisher, distributor, etc. Israel Program for Scientific Translations
Date of publication, distribution, etc. 1964
300 ## - PHYSICAL DESCRIPTION
Extent vi, 418p.
650 ## - SUBJECT ADDED ENTRY--TOPICAL TERM
Topical term or geographic name entry element Astronomy and Astrophysics Thesaurus
650 ## - SUBJECT ADDED ENTRY--TOPICAL TERM
Topical term or geographic name entry element Planetary systems
9 (RLIN) 965
650 ## - SUBJECT ADDED ENTRY--TOPICAL TERM
Topical term or geographic name entry element Planets
9 (RLIN) 971
942 ## - ADDED ENTRY ELEMENTS (KOHA)
Koha item type Books
Holdings
Withdrawn status Lost status Damaged status Not for loan Home library Current library Shelving location Date acquired Cost, normal purchase price Total Checkouts Full call number Barcode Date last seen Cost, replacement price Price effective from Koha item type Purchase Price
        IIA Library-Bangalore IIA Library-Bangalore General Stacks 03/05/1965 89.10   523.4/ SHA 2694 05/11/2021 89.10 03/05/1965 Books Rs. 89.10

Powered by Koha